Presence : (Record no. 42627)
[ view plain ]
| 000 -LEADER | |
|---|---|
| fixed length control field | 00753nam a2200193 a 4500 |
| 005 - DATE AND TIME OF LATEST TRANSACTION | |
| control field | 20180723131138.0 |
| 008 - FIXED-LENGTH DATA ELEMENTS--GENERAL INFORMATION | |
| fixed length control field | |
| 020 ## - INTERNATIONAL STANDARD BOOK NUMBER | |
| International Standard Book Number | 9786214200498 |
| 245 00 - TITLE STATEMENT | |
| Title | Presence : |
| Remainder of title | a primer on trauma and recovery for the use of trauma workers / |
| Statement of responsibility, etc | MLAC Institute for Psychological Services, Inc. |
| 260 ## - PUBLICATION, DISTRIBUTION, ETC. (IMPRINT) | |
| Place of publication, distribution, etc | Mandaluyong City : |
| Name of publisher, distributor, etc | Anvil Publishing Inc., |
| Date of publication, distribution, etc | 2016. |
| 300 ## - PHYSICAL DESCRIPTION | |
| Extent | 60 pages : |
| Other physical details | color illustrations ; |
| Dimensions | 18 cm |
| 336 ## - CONTENT TYPE | |
| Content Type Term | text |
| Source | rdacontent |
| 337 ## - MEDIA TYPE | |
| Media Type Term | unmediated |
| Source | rdamedia |
| 338 ## - CARRIER TYPE | |
| Carrier Type Term | volume |
| Source | rdacarrier |
| 650 #0 - SUBJECT ADDED ENTRY--TOPICAL TERM | |
| Topical term or geographic name as entry element | Post-traumatic stress disorder in adolescence |
| Geographic subdivision | Philippines. |
| 650 #0 - SUBJECT ADDED ENTRY--TOPICAL TERM | |
| Topical term or geographic name as entry element | Traumatology |
| General subdivision | Psychological aspects. |
| 710 2# - ADDED ENTRY--CORPORATE NAME | |
| Corporate name or jurisdiction name as entry element | MLAC Institute for Psychological Services, Inc. |
| 942 ## - ADDED ENTRY ELEMENTS (KOHA) | |
| Source of classification or shelving scheme | Library of Congress Classification |
| Item type | Books |
| Withdrawn status | Lost status | Source of classification or shelving scheme | Damaged status | Not for loan | Home library | Current library | Shelving location | Date acquired | Source of acquisition | Cost, normal purchase price | Inventory number | Total Checkouts | Full call number | Barcode | Date last seen | Price effective from | Koha item type |
|---|---|---|---|---|---|---|---|---|---|---|---|---|---|---|---|---|---|
| Library of Congress Classification | BSOP Library | BSOP Library | Filipiniana | 07/23/2018 | National Bookstore | 115.00 | 41999 | RJ506 P92 2016 | 00052999 | 07/23/2018 | 07/23/2018 | Books |
